[Event "Lindores Abbey Tal Blitz 2021"]
[Site "Riga"]
[Date "2021.11.08"]
[Round "10.52"]
[White "Budisavljevic, Luka"]
[Black "Harika, Dronavalli"]
[Result "0-1"]
[WhiteElo "2511"]
[BlackElo "2511"]
[Annotator "ChessBase"]
[PlyCount "46"]
[EventDate "2021.11.02"]
[EventType "swiss"]
[EventCountry "LAT"]
[SourceTitle "playchess.com"]
[Source "ChessBase"]
[SourceQuality "1"]

1. d4 d5 2. Bf4 Nf6 3. e3 e6 4. Nd2 Bd6 5. Bg3 O-O 6. Ngf3 c5 7. c3 Qc7 8. Ne5
Nc6 9. f4 Ne7 10. Bd3 c4 11. Bc2 b5 12. Bh4 Nf5 13. Bf2 Bb7 14. g4 Ne7 15. Qf3
b4 16. g5 bxc3 17. gxf6 cxd2+ 18. Kd1 Ng6 19. fxg7 Rfb8 20. Rg1 Bxe5 21. fxe5
Bc6 22. Rb1 Qa5 23. h4 Ba4 0-1

[Event "Lindores Abbey Tal Blitz 2021"]
[Site "Riga"]
[Date "2021.11.08"]
[Round "10.53"]
[White "Melia, Salome"]
[Black "Miezis, Normunds"]
[Result "0-1"]
[WhiteElo "2371"]
[BlackElo "2446"]
[Annotator "NA"]
[PlyCount "76"]
[EventDate "2021.11.02"]
[EventType "swiss"]
[EventCountry "LAT"]
[SourceTitle "playchess.com"]
[Source "ChessBase"]
[SourceQuality "1"]

1. e4 c5 2. Nf3 e6 3. d4 cxd4 4. Nxd4 a6 5. Bd3 Nc6 6. Nxc6 dxc6 7. f4 e5 8. f5
Nf6 9. Be3 h5 10. h3 Nxe4 11. O-O Nf6 12. Nd2 Nd5 13. Bf2 Nf4 14. Be4 Be7 15.
Nc4 Qxd1 16. Raxd1 f6 17. Nb6 Rb8 18. Kh2 h4 19. a3 Rh5 20. Bf3 Rh8 21. Be4 Kf7
22. Rd2 g6 23. fxg6+ Nxg6 24. Nxc8 Rhxc8 25. Rd7 Ke6 26. Bxg6 Kxd7 27. Bf5+ Kc7
28. Bxc8 Rxc8 29. Bxh4 Rf8 30. g4 Kd6 31. Kg2 Ke6 32. Rd1 Rg8 33. Kf3 Rh8 34.
Kg3 Bd8 35. c4 Bc7 36. Re1 e4+ 37. Kg2 Rxh4 38. Rxe4+ Be5 0-1

[Event "Lindores Abbey Tal Blitz 2021"]
[Site "Riga"]
[Date "2021.11.08"]
[Round "10.54"]
[White "Golsta, Madara"]
[Black "Dzagnidze, Nana"]
[Result "0-1"]
[WhiteElo "2003"]
[BlackElo "2524"]
[Annotator "ChessBase"]
[PlyCount "46"]
[EventDate "2021.11.02"]
[EventType "swiss"]
[EventCountry "LAT"]
[SourceTitle "playchess.com"]
[Source "ChessBase"]
[SourceQuality "1"]

1. e4 c5 2. Nf3 d6 3. d4 cxd4 4. Nxd4 Nf6 5. Nc3 a6 6. Bd3 g6 7. f3 Bg7 8. Be3
O-O 9. Qd2 Re8 10. O-O-O Nc6 11. Nb3 Be6 12. g4 d5 13. Bg5 dxe4 14. Nxe4 Ne5
15. Qe2 Bxb3 16. axb3 Qa5 17. Bxf6 exf6 18. Kb1 Rad8 19. h4 Nxd3 20. Rxd3 f5
21. Rxd8 Qxd8 22. gxf5 gxf5 23. Rg1 fxe4 0-1

[Event "Lindores Abbey Tal Blitz 2021"]
[Site "Riga"]
[Date "2021.11.08"]
[Round "10.55"]
[White "Sukandar, Irine Kharisma"]
[Black "Socko, Monika"]
[Result "1-0"]
[WhiteElo "2406"]
[BlackElo "2393"]
[Annotator "NA"]
[PlyCount "99"]
[EventDate "2021.11.02"]
[EventType "swiss"]
[EventCountry "LAT"]
[SourceTitle "playchess.com"]
[Source "ChessBase"]
[SourceQuality "1"]

1. d4 e6 2. Bf4 d5 3. e3 Nf6 4. Nd2 Bd6 5. Ngf3 c5 6. dxc5 Bxc5 7. Bd3 Nc6 8.
O-O Bd6 9. Bxd6 Qxd6 10. c4 O-O 11. cxd5 exd5 12. h3 Bd7 13. Nb3 Rac8 14. a3
Rfd8 15. Rc1 h6 16. Nc5 Rb8 17. b4 b6 18. Nb3 Ne7 19. Nbd4 Rbc8 20. Qb3 Ne4 21.
Rfd1 Qf6 22. Bxe4 dxe4 23. Nd2 Qg6 24. Kh1 Nf5 25. Rxc8 Rxc8 26. Nxe4 Nxd4 27.
Rxd4 Rc1+ 28. Kh2 Bc6 29. Qb2 Rf1 30. Ng3 Rb1 31. Qd2 Kh7 32. Rd6 Rb2 33. Rxg6
Rxd2 34. Rxc6 Rxf2 35. Rc7 a5 36. bxa5 bxa5 37. Ra7 h5 38. Nxh5 Rf5 39. Ng3 Re5
40. e4 f6 41. Kg1 Rb5 42. Kf2 Kg6 43. Nf5 Kg5 44. Rxg7+ Kf4 45. Ra7 Rb2+ 46.
Kg1 Kxe4 47. Rxa5 Kf4 48. Kh2 Ra2 49. Ng3 Ke3 50. Rf5 1-0

[Event "Lindores Abbey Tal Blitz 2021"]
[Site "Riga"]
[Date "2021.11.08"]
[Round "10.56"]
[White "Zhu, Jiner"]
[Black "Rogule, Laura"]
[Result "0-1"]
[WhiteElo "2455"]
[BlackElo "2289"]
[Annotator "ChessBase"]
[PlyCount "90"]
[EventDate "2021.11.02"]
[EventType "swiss"]
[EventCountry "LAT"]
[SourceTitle "playchess.com"]
[Source "ChessBase"]
[SourceQuality "1"]

1. e4 c5 2. Nf3 Nc6 3. d4 cxd4 4. Nxd4 Nf6 5. Nc3 d6 6. Bg5 e6 7. Qd2 a6 8.
O-O-O Bd7 9. f4 Be7 10. Nf3 b5 11. Bxf6 gxf6 12. f5 h5 13. g3 Qb6 14. Ne2 Ne5
15. fxe6 fxe6 16. Nfd4 Nc4 17. Qd3 e5 18. Nf5 Bxf5 19. exf5 Qe3+ 20. Kb1 Qxd3
21. Rxd3 d5 22. Rxd5 Ne3 23. Rd3 Nxf5 24. Bg2 Ra7 25. Rhd1 Kf7 26. Be4 Ng7 27.
Nc3 f5 28. Rf1 Kg6 29. Bg2 h4 30. Nd5 Bg5 31. Nb4 hxg3 32. hxg3 Rh2 33. Nc6
Rxg2 34. Nxa7 e4 35. Rd6+ Kh5 36. Rd7 Ne6 37. Rd5 e3 38. Rdxf5 e2 39. Rh1+ Kg4
40. Re5 Nd4 41. Re4+ Kf3 42. Rxd4 Rf2 43. Rd3+ Be3 44. Rdd1 Bd2 45. c3 Be3 0-1

[Event "Lindores Abbey Tal Blitz 2021"]
[Site "Riga"]
[Date "2021.11.08"]
[Round "10.57"]
[White "Atalik, Ekaterina"]
[Black "Garifullina, Leya"]
[Result "1-0"]
[WhiteElo "2430"]
[BlackElo "2416"]
[Annotator "NA"]
[PlyCount "98"]
[EventDate "2021.11.02"]
[EventType "swiss"]
[EventCountry "LAT"]
[SourceTitle "playchess.com"]
[Source "ChessBase"]
[SourceQuality "1"]

1. Nf3 d5 2. g3 Nf6 3. Bg2 e6 4. O-O Be7 5. b3 O-O 6. Bb2 b6 7. d4 Bb7 8. Nbd2
Nbd7 9. Ne5 c5 10. dxc5 Nxe5 11. Bxe5 Nd7 12. Bb2 Nxc5 13. c4 dxc4 14. Nxc4
Bxg2 15. Kxg2 Bf6 16. Qxd8 Rfxd8 17. Bxf6 gxf6 18. Rfd1 Kf8 19. Kf3 Rac8 20.
Rac1 Nd7 21. e3 Ke7 22. Ke2 Rc5 23. Nb2 Rdc8 24. Rxc5 Rxc5 25. Nd3 Rc2+ 26. Rd2
Rc7 27. h4 f5 28. Nb4 Nf6 29. Rc2 Rxc2+ 30. Nxc2 Ne4 31. a3 Nc3+ 32. Kd3 Ne4
33. Ke2 Nc3+ 34. Ke1 Ne4 35. Nd4 a6 36. b4 Kd6 37. Ne2 a5 38. f3 Nf6 39. bxa5
bxa5 40. Kd2 e5 41. Nc1 e4 42. f4 Kd5 43. Nb3 Nh5 44. Nxa5 Nxg3 45. Nb3 Nh5 46.
Nd4 Ng7 47. a4 Kc4 48. a5 Kc5 49. Kc3 h5 1-0

[Event "Lindores Abbey Tal Blitz 2021"]
[Site "Riga"]
[Date "2021.11.08"]
[Round "10.58"]
[White "Arakhamia-Grant, Ketevan"]
[Black "Bivol, Alina"]
[Result "1-0"]
[WhiteElo "2362"]
[BlackElo "2377"]
[Annotator "NA"]
[PlyCount "74"]
[EventDate "2021.11.02"]
[EventType "swiss"]
[EventCountry "LAT"]
[SourceTitle "playchess.com"]
[Source "ChessBase"]
[SourceQuality "1"]

1. e4 e6 2. d4 d5 3. Nc3 Bb4 4. e5 c5 5. a3 Bxc3+ 6. bxc3 Nc6 7. Nf3 Bd7 8. a4
Qa5 9. Bd2 c4 10. h4 O-O-O 11. g3 f6 12. Bh3 Nge7 13. O-O Rdg8 14. Re1 f5 15.
Qb1 h6 16. Qb5 a6 17. Qxa5 Nxa5 18. h5 Be8 19. g4 g6 20. Kh2 Nac6 21. Rg1 gxh5
22. gxf5 Nxf5 23. Bxf5 exf5 24. Rxg8 Rxg8 25. Bxh6 a5 26. Bg5 Nd8 27. Bf6 Ne6
28. Nh4 Nf4 29. f3 Bd7 30. Be7 Be6 31. Rb1 Ne2 32. Rb6 Bd7 33. e6 Bxa4 34. Nxf5
Kc7 35. Bc5 Nf4 36. e7 h4 37. Rf6 b6 1-0

[Event "Lindores Abbey Tal Blitz 2021"]
[Site "Riga"]
[Date "2021.11.08"]
[Round "10.59"]
[White "Eizaguerri Floris, Maria"]
[Black "Zawadzka, Jolanta"]
[Result "1-0"]
[WhiteElo "2328"]
[BlackElo "2429"]
[Annotator "NA"]
[PlyCount "67"]
[EventDate "2021.11.02"]
[EventType "swiss"]
[EventCountry "LAT"]
[SourceTitle "playchess.com"]
[Source "ChessBase"]
[SourceQuality "1"]

1. e4 c5 2. Nf3 e6 3. c3 Nf6 4. e5 Nd5 5. d4 cxd4 6. cxd4 Nc6 7. Bc4 Nb6 8. Bd3
d6 9. O-O Be7 10. Nc3 O-O 11. Qe2 dxe5 12. dxe5 Nd7 13. Rd1 Qa5 14. Bf4 g6 15.
h4 Re8 16. h5 Nf8 17. Rac1 Qb4 18. Bg3 Qg4 19. Nb5 Rd8 20. h6 Bd7 21. Rc4 Qh5
22. Qe3 Nb4 23. Nd6 Nd5 24. Qd2 Bc6 25. Bh4 Rxd6 26. exd6 Bxd6 27. Bg5 Nf4 28.
Bxf4 Bxf3 29. gxf3 Be7 30. Bg3 Bg5 31. Qe2 Qxh6 32. Be4 Qg7 33. Bxb7 Rb8 34.
Bxb8 1-0

[Event "Lindores Abbey Tal Blitz 2021"]
[Site "Riga"]
[Date "2021.11.08"]
[Round "10.60"]
[White "Martynov, Aleksandr"]
[Black "Vantika Agrawal"]
[Result "1-0"]
[WhiteElo "1648"]
[BlackElo "2329"]
[Annotator "NA"]
[PlyCount "137"]
[EventDate "2021.11.02"]
[EventType "swiss"]
[EventCountry "LAT"]
[SourceTitle "playchess.com"]
[Source "ChessBase"]
[SourceQuality "1"]

1. d4 Nf6 2. Nf3 g6 3. g3 Bg7 4. Bg2 O-O 5. O-O d6 6. Re1 Nbd7 7. e4 e5 8. dxe5
dxe5 9. Nbd2 Qe7 10. Nc4 Rd8 11. Qe2 b6 12. a4 a5 13. b3 Ba6 14. Ba3 Qe8 15.
Nfd2 Nb8 16. Rad1 Nc6 17. c3 Qe6 18. Qe3 h5 19. h3 Kh7 20. f4 h4 21. f5 Qe8 22.
g4 Rd7 23. g5 Nh5 24. Nf3 Nf4 25. Nxh4 Rad8 26. Rxd7 Rxd7 27. Kh2 Rd3 28. Qc1
Qd7 29. Ne3 Rd2 30. Rd1 Rxd1 31. Qxd1 Bd3 32. f6 Bh8 33. Ng4 Qe6 34. Bf3 Nd8
35. Bc1 Qd6 36. Bxf4 exf4 37. Nf2 Ba6 38. Qxd6 cxd6 39. Ng2 Ne6 40. h4 b5 41.
axb5 Bxb5 42. Bg4 Nc5 43. b4 axb4 44. cxb4 Na6 45. Nxf4 Nxb4 46. Nd5 Bc4 47.
Nxb4 Kg8 48. Nd5 Bxd5 49. exd5 Kf8 50. Kg3 Ke8 51. Kf3 Kd8 52. Ke3 Kc7 53. Kd4
Kb6 54. Kc4 Ka5 55. Ne4 Kb6 56. Nxd6 Kc7 57. Nxf7 Bxf6 58. gxf6 Kb6 59. Ne5 Kc7
60. Nxg6 Kd6 61. f7 Kc7 62. f8=Q Kb7 63. Qe7+ Kb6 64. Qc5+ Kb7 65. Qc6+ Ka7 66.
Qb5 Ka8 67. Kc5 Ka7 68. Kc6 Ka8 69. Qb7# 1-0

[Event "Lindores Abbey Tal Blitz 2021"]
[Site "Riga"]
[Date "2021.11.08"]
[Round "11.1"]
[White "Fedoseev, Vladimir"]
[Black "Tabatabaei, M. Amin"]
[Result "1/2-1/2"]
[WhiteElo "2704"]
[BlackElo "2639"]
[Annotator "TA"]
[PlyCount "105"]
[EventDate "2021.11.02"]
[EventType "swiss"]
[EventCountry "LAT"]
[SourceTitle "playchess.com"]
[Source "ChessBase"]
[SourceQuality "1"]

1. e4 c5 2. h3 Nc6 3. Bb5 g6 4. c3 Bg7 5. Nf3 e5 6. O-O Nge7 7. d3 O-O 8. Be3
d6 9. Na3 a6 10. Bxc6 Nxc6 11. d4 cxd4 12. cxd4 exd4 13. Nxd4 d5 14. Nxc6 bxc6
15. Bd4 dxe4 16. Bxg7 Qxd1 17. Rfxd1 Kxg7 18. Rd6 Be6 19. Rxc6 Rfc8 20. Rd6 Rd8
21. Rc6 Rd2 22. b3 e3 23. fxe3 Bd5 24. Rc2 Rxc2 25. Nxc2 Be4 26. Nd4 a5 27. Rc1
a4 28. b4 a3 29. b5 Ra4 30. Rc3 Bd5 31. b6 Rb4 32. Rxa3 Rxb6 33. Ra5 Be4 34.
Nb3 Rd6 35. Kf2 h5 36. Rc5 Ra6 37. Na5 Rb6 38. Nb3 Ra6 39. Nc1 h4 40. Rc4 f5
41. a4 Rb6 42. Rd4 Rb2+ 43. Ne2 Ra2 44. Ke1 Bxg2 45. Rxh4 g5 46. Rd4 Bxh3 47.
Ng3 Kf6 48. Rd6+ Ke5 49. Rg6 Ra1+ 50. Kf2 Ra2+ 51. Ke1 Ra1+ 52. Kf2 Ra2+ 53.
Ke1 1/2-1/2

[Event "Lindores Abbey Tal Blitz 2021"]
[Site "Riga"]
[Date "2021.11.08"]
[Round "11.1"]
[White "Erigaisi Arjun"]
[Black "Caruana, Fabiano"]
[Result "1-0"]
[WhiteElo "2627"]
[BlackElo "2791"]
[Annotator "TA"]
[PlyCount "59"]
[EventDate "2021.11.02"]
[EventType "swiss"]
[EventCountry "LAT"]
[SourceTitle "playchess.com"]
[Source "ChessBase"]
[SourceQuality "1"]

1. Nf3 d5 2. d4 Nf6 3. c4 e6 4. g3 Bb4+ 5. Bd2 Bd6 6. Nc3 c6 7. Qc2 O-O 8. e4
dxe4 9. Nxe4 Nxe4 10. Qxe4 c5 11. Bc3 Nc6 12. O-O-O Qe7 13. Bg2 Bd7 14. dxc5
Bxc5 15. Rxd7 Qxd7 16. Ng5 g6 17. Nxh7 f5 18. Nxf8 Bxf8 19. Qe2 Nd4 20. Bxd4
Qxd4 21. Rd1 Qf6 22. Bxb7 Rb8 23. Rd7 Bg7 24. c5 Kh8 25. c6 Qf8 26. a3 Qc5+ 27.
Kb1 Kh7 28. Qc2 Qb5 29. c7 Rxb7 30. Rxg7+ 1-0

[Event "Lindores Abbey Tal Blitz 2021"]
[Site "Riga"]
[Date "2021.11.08"]
[Round "11.2"]
[White "Martirosyan, Haik M."]
[Black "Onyshchuk, Volodymyr"]
[Result "1-0"]
[WhiteElo "2624"]
[BlackElo "2622"]
[Annotator "ChessBase"]
[PlyCount "145"]
[EventDate "2021.11.02"]
[EventType "swiss"]
[EventCountry "LAT"]
[SourceTitle "playchess.com"]
[Source "ChessBase"]
[SourceQuality "1"]

1. d4 d6 2. Nf3 g6 3. c4 Bg7 4. g3 Nf6 5. Bg2 O-O 6. O-O Nc6 7. Nc3 e5 8. h3 h6
9. e3 Re8 10. d5 Nb8 11. e4 a5 12. Ne1 Na6 13. Nd3 Nd7 14. Be3 f5 15. Qd2 Kh7
16. f4 exf4 17. Bxf4 Ndc5 18. Nf2 fxe4 19. Rae1 Bf5 20. g4 Bd7 21. Nfxe4 Rf8
22. Be3 Rxf1+ 23. Rxf1 Qe7 24. Bd4 Rf8 25. Re1 Bxd4+ 26. Qxd4 Qg7 27. Qd2 b6
28. g5 Nxe4 29. Nxe4 Nc5 30. gxh6 Qxh6 31. Nf6+ Rxf6 32. Re7+ Qg7 33. Rxg7+
Kxg7 34. b3 Kf7 35. Qc3 Rf5 36. Qh8 Re5 37. Qd8 Re3 38. Qxc7 Ke7 39. Qxb6 Re1+
40. Kh2 a4 41. b4 Rb1 42. a3 Rb3 43. Qa7 Nd3 44. Qd4 Ne5 45. c5 Rxh3+ 46. Kg1
Rxa3 47. cxd6+ Kf6 48. Qh4+ g5 49. Qf2+ Kg7 50. Qd4 Kf6 51. b5 Rb3 52. Qxa4
Rb1+ 53. Kf2 Rb2+ 54. Kg3 Rxb5 55. Qd4 Rb3+ 56. Kh2 Rd3 57. Qf2+ Kg7 58. Qb2
Kf6 59. Be4 Re3 60. Qd4 Re2+ 61. Kg3 Ra2 62. Qc3 Ra4 63. Bb1 Rg4+ 64. Kf2 Rf4+
65. Ke1 Rf3 66. Qc7 Kg7 67. Qd8 Re3+ 68. Kf2 Ng4+ 69. Kg2 Nf6 70. Qb6 Re5 71.
Qd4 Rxd5 72. Qe3 Ra5 73. Qe7+ 1-0

[Event "Lindores Abbey Tal Blitz 2021"]
[Site "Riga"]
[Date "2021.11.08"]
[Round "11.4"]
[White "Paravyan, David"]
[Black "Korobov, Anton"]
[Result "1-0"]
[WhiteElo "2642"]
[BlackElo "2684"]
[Annotator "ChessBase"]
[PlyCount "75"]
[EventDate "2021.11.02"]
[EventType "swiss"]
[EventCountry "LAT"]
[SourceTitle "playchess.com"]
[Source "ChessBase"]
[SourceQuality "1"]

1. e4 c5 2. Nf3 d6 3. d4 cxd4 4. Nxd4 Nf6 5. Nc3 a6 6. Bg5 e6 7. f4 Qc7 8. Bxf6
gxf6 9. Bd3 Qc5 10. Qd2 Nc6 11. Nb3 Qb6 12. O-O-O Bd7 13. Kb1 O-O-O 14. Na4 Qa7
15. Rhf1 h5 16. Rf3 Bh6 17. Qe1 Rdg8 18. Bf1 Bf8 19. Na5 Be7 20. Rb3 b5 21.
Nxc6 Bxc6 22. Nc3 Rd8 23. Bd3 h4 24. Qe2 Kc7 25. Nd5+ Kd7 26. Nb4 Bb7 27. Bxb5+
axb5 28. Qxb5+ Kc7 29. Rc3+ Qc5 30. Rxc5+ dxc5 31. Rxd8 Rxd8 32. Nd3 Bxe4 33.
Qa5+ Kb7 34. Nxc5+ Kc6 35. b4 Rd1+ 36. Kb2 f5 37. Qa8+ Kc7 38. Qa7+ 1-0

[Event "Lindores Abbey Tal Blitz 2021"]
[Site "Riga"]
[Date "2021.11.08"]
[Round "11.5"]
[White "Svidler, Peter"]
[Black "Deac, Bogdan-Daniel"]
[Result "1-0"]
[WhiteElo "2694"]
[BlackElo "2651"]
[Annotator "ChessBase"]
[PlyCount "81"]
[EventDate "2021.11.02"]
[EventType "swiss"]
[EventCountry "LAT"]
[SourceTitle "playchess.com"]
[Source "ChessBase"]
[SourceQuality "1"]

1. c4 e6 2. g3 d5 3. Bg2 Nf6 4. b3 d4 5. Nf3 Nc6 6. O-O e5 7. e3 e4 8. Nxd4
Nxd4 9. exd4 Qxd4 10. Nc3 Bg4 11. Qc2 O-O-O 12. Nxe4 Nxe4 13. Bxe4 Qxa1 14. Bb2
Qxa2 15. Ra1 Qxa1+ 16. Bxa1 Bd7 17. Bxh7 Re8 18. Qb1 f6 19. Bg6 Re2 20. Bc3 Bc5
21. d4 Bd6 22. Bd3 Ree8 23. c5 Be7 24. Bf5 Rd8 25. b4 Bxf5 26. Qxf5+ Kb8 27. d5
Rhe8 28. h4 a5 29. d6 cxd6 30. c6 bxc6 31. Qxa5 Rd7 32. Qb6+ Rb7 33. Qxc6 Rc8
34. Qf3 d5 35. Bd2 Rd8 36. Bf4+ Ka8 37. Qa3+ Ra7 38. Qc3 Rb7 39. b5 d4 40. Qc6
d3 41. b6 1-0

[Event "Lindores Abbey Tal Blitz 2021"]
[Site "Riga"]
[Date "2021.11.08"]
[Round "11.6"]
[White "Mamedov, Rauf"]
[Black "Sevian, Samuel"]
[Result "1-0"]
[WhiteElo "2673"]
[BlackElo "2668"]
[Annotator "ChessBase"]
[PlyCount "71"]
[EventDate "2021.11.02"]
[EventType "swiss"]
[EventCountry "LAT"]
[SourceTitle "playchess.com"]
[Source "ChessBase"]
[SourceQuality "1"]

1. Nf3 g6 2. e4 Bg7 3. d4 c6 4. h3 d5 5. Nc3 Nf6 6. Bd3 c5 7. exd5 Nxd5 8. Nxd5
Qxd5 9. dxc5 Qxc5 10. O-O O-O 11. c3 Nc6 12. Qe2 Bf5 13. Be3 Bxd3 14. Qxd3 Qa5
15. a4 Rfd8 16. Qb5 Qc7 17. Rfd1 Na5 18. Rxd8+ Qxd8 19. b4 Nb3 20. Rb1 Rc8 21.
Qxb7 Rxc3 22. Qxa7 Bf6 23. a5 Qd3 24. Rf1 Kg7 25. Qb7 Nd4 26. Bxd4 Bxd4 27.
Nxd4 Qxd4 28. a6 Ra3 29. b5 e5 30. b6 e4 31. a7 e3 32. a8=Q exf2+ 33. Kh1 Re3
34. Qbb8 Qd3 35. Qf8+ Kf6 36. Qad8+ 1-0

[Event "Lindores Abbey Tal Blitz 2021"]
[Site "Riga"]
[Date "2021.11.08"]
[Round "11.7"]
[White "Adhiban, B.."]
[Black "Vachier-Lagrave, Maxime"]
[Result "1-0"]
[WhiteElo "2672"]
[BlackElo "2766"]
[Annotator "ChessBase"]
[PlyCount "110"]
[EventDate "2021.11.02"]
[EventType "swiss"]
[EventCountry "LAT"]
[SourceTitle "playchess.com"]
[Source "ChessBase"]
[SourceQuality "1"]

1. e4 c6 2. Nf3 d5 3. Nc3 Bg4 4. h3 Bxf3 5. Qxf3 e6 6. Be2 Nd7 7. d4 Qb6 8. O-O
dxe4 9. Nxe4 Ngf6 10. c3 Be7 11. a4 a5 12. Nd2 Nd5 13. Nc4 Qc7 14. Re1 O-O 15.
Bd3 Bf6 16. Bc2 Rfe8 17. Qd3 g6 18. Bh6 Rad8 19. Qf3 Bg7 20. Bg5 Bf6 21. Bd2 c5
22. dxc5 Nxc5 23. Rad1 Kg7 24. Na3 Qe7 25. Nc4 b6 26. Ne5 Bxe5 27. Rxe5 Qf6 28.
Qg3 h6 29. c4 Nb4 30. Bc3 Nxc2 31. Rxd8 Rxd8 32. Rxc5 Nd4 33. Re5 Rd7 34. Kh2
Kh7 35. Re4 Qd8 36. Qe5 f6 37. Qg3 e5 38. f4 Nf5 39. Qf2 Nd6 40. Re1 e4 41. Qd4
Nf5 42. Qxe4 Re7 43. Qd5 Qxd5 44. cxd5 Rd7 45. Bxf6 Kg8 46. g4 Nd6 47. Re7 Rxe7
48. Bxe7 Nc4 49. b3 Nd2 50. Bd8 Nxb3 51. Bxb6 Kf7 52. Kg3 Ke7 53. Kh4 Kd6 54.
g5 hxg5+ 55. Kxg5 Kxd5 1-0

[Event "Lindores Abbey Tal Blitz 2021"]
[Site "Riga"]
[Date "2021.11.08"]
[Round "11.8"]
[White "Dreev, Aleksey"]
[Black "Aronian, Levon"]
[Result "0-1"]
[WhiteElo "2635"]
[BlackElo "2782"]
[Annotator "TA"]
[PlyCount "51"]
[EventDate "2021.11.02"]
[EventType "swiss"]
[EventCountry "LAT"]
[SourceTitle "playchess.com"]
[Source "ChessBase"]
[SourceQuality "1"]

1. d4 d5 2. c4 dxc4 3. e3 e5 4. Bxc4 Nc6 5. d5 Nce7 6. Nf3 Ng6 7. Bb5+ Bd7 8.
Qb3 Rb8 9. O-O Nf6 10. Nc3 Bd6 11. Bxd7+ Qxd7 12. e4 O-O 13. Be3 b5 14. Bxa7
Ra8 15. Nxb5 Nf4 16. a4 Qg4 17. g3 Nxe4 18. Rfe1 Nh3+ 19. Kf1 Rxa7 20. Nxa7
Nhxf2 21. Nb5 f5 22. Nxd6 cxd6 23. Re2 f4 24. Rxf2 fxg3 25. hxg3 Qxg3 26. Rg2
0-1

[Event "Lindores Abbey Tal Blitz 2021"]
[Site "Riga"]
[Date "2021.11.08"]
[Round "11.9"]
[White "Navara, David"]
[Black "Maghsoodloo, Parham"]
[Result "1-0"]
[WhiteElo "2699"]
[BlackElo "2706"]
[Annotator "ChessBase"]
[PlyCount "169"]
[EventDate "2021.11.02"]
[EventType "swiss"]
[EventCountry "LAT"]
[SourceTitle "playchess.com"]
[Source "ChessBase"]
[SourceQuality "1"]

1. d4 Nf6 2. c4 e6 3. Nc3 d5 4. cxd5 exd5 5. Bg5 c6 6. e3 Bf5 7. Qf3 Bg6 8.
Bxf6 Qxf6 9. Qxf6 gxf6 10. Nf3 Nd7 11. Nh4 a5 12. f4 f5 13. Bd3 Nf6 14. Bxf5 a4
15. a3 Be7 16. Bxg6 hxg6 17. Nf3 Bd8 18. Ke2 Ke7 19. Ne5 Ra6 20. Rab1 b5 21.
Rbc1 Ba5 22. Nxc6+ Rxc6 23. Nxd5+ Kd7 24. Rxc6 Nxd5 25. Rc5 Nc7 26. h3 Bb6 27.
Rc2 Ne8 28. e4 f5 29. e5 Nc7 30. d5 g5 31. Rc6 Ba5 32. fxg5 Rh4 33. g6 Re4+ 34.
Kf3 Rxe5 35. g7 Re8 36. h4 Nxd5 37. Rg6 Bb6 38. Rd1 Re3+ 39. Kf2 Rd3+ 40. Ke1
Ba5+ 41. Kf1 Rxd1+ 42. Ke2 Rd2+ 43. Kf3 Rd3+ 44. Kf2 Ne7 45. h5 Bd2 46. Ke2 Rd6
47. Rxd6+ Kxd6 48. Kxd2 Ng8 49. Kc3 Kc5 50. g3 Nh6 51. Kd3 Kd5 52. Ke3 Ke5 53.
Kd3 Kf6 54. Kd4 Kf7 55. Kc5 Ng4 56. Kxb5 Nf6 57. Kxa4 Ne4 58. b4 Nxg3 59. b5
Ne4 60. b6 f4 61. Kb4 Nd6 62. Kc5 f3 63. Kxd6 f2 64. b7 f1=Q 65. g8=Q+ Kxg8 66.
b8=Q+ Kh7 67. Qc7+ Kh6 68. Qc3 Qa6+ 69. Kd5 Kxh5 70. Qc5 Kg5 71. Qe3+ Kh4 72.
Qf4+ Kh5 73. Qf5+ Kh4 74. Qe4+ Kg3 75. Qe3+ Kg2 76. Qc3 Qa8+ 77. Kd4 Qd8+ 78.
Kc4 Qg8+ 79. Kd3 Qd5+ 80. Kc2 Qa2+ 81. Kc1 Qd5 82. a4 Kf2 83. Qd2+ Qxd2+ 84.
Kxd2 Kf3 85. a5 1-0

[Event "Lindores Abbey Tal Blitz 2021"]
[Site "Riga"]
[Date "2021.11.08"]
[Round "11.10"]
[White "Abdusattorov, Nodirbek"]
[Black "Esipenko, Andrey"]
[Result "0-1"]
[WhiteElo "2646"]
[BlackElo "2713"]
[Annotator "ChessBase"]
[PlyCount "186"]
[EventDate "2021.11.02"]
[EventType "swiss"]
[EventCountry "LAT"]
[SourceTitle "playchess.com"]
[Source "ChessBase"]
[SourceQuality "1"]

1. e4 e5 2. Nf3 Nc6 3. Bb5 Bc5 4. d3 d6 5. O-O Nge7 6. c3 O-O 7. Nbd2 a6 8. Ba4
Ba7 9. Bb3 Kh8 10. Ng5 Qe8 11. Qh5 h6 12. Nxf7+ Rxf7 13. Bxf7 Qf8 14. Nf3 Nd8
15. Bb3 Ne6 16. d4 exd4 17. Bxe6 Bxe6 18. cxd4 d5 19. Qe5 dxe4 20. Qxe4 Bd5 21.
Qf4 Bxf3 22. gxf3 Nd5 23. Qg4 Qf6 24. Be3 Rf8 25. Kh1 c6 26. Rg1 Qxf3+ 27. Qxf3
Rxf3 28. Rg3 Rf7 29. Rag1 Kh7 30. Kg2 Bb8 31. Rf3 Re7 32. Re1 Bf4 33. h3 Bd6
34. Bd2 Rd7 35. Kf1 Be7 36. Re4 Bf6 37. Be3 Kg6 38. Re8 Nb4 39. a3 Nc2 40. Rf4
Nxd4 41. Bxd4 Bxd4 42. b4 c5 43. Ree4 Kh7 44. a4 Rc7 45. b5 axb5 46. axb5 Bf6
47. Ke2 Rd7 48. Re6 Bd4 49. b6 c4 50. Rfe4 c3 51. Re7 c2 52. Kd2 Rxe7 53. Rxe7
Bxb6 54. f3 Bc5 55. Rxb7 Kg6 56. Kxc2 Bd4 57. Kd3 Bf6 58. Ke4 Kh5 59. Kf5 Kh4
60. f4 Kxh3 61. Kg6 Kg4 62. f5 Kf4 63. Ra7 Ke5 64. Ra6 Ke4 65. Re6+ Be5 66. Re7
h5 67. Rb7 h4 68. Rb3 Bf6 69. Ra3 Kf4 70. Rb3 Kg4 71. Rb4+ Kg3 72. Rb3+ Kg2 73.
Rd3 h3 74. Rd2+ Kg3 75. Rd3+ Kg4 76. Rd2 Be5 77. Re2 Bf6 78. Rd2 Be5 79. Re2
Bf6 80. Re1 h2 81. Rd1 Be5 82. Re1 Bd4 83. Rd1 Bg1 84. Rd7 h1=Q 85. Rxg7 Qe4
86. Rf7 Bd4 87. Kh6 Qc6+ 88. Kh7 Bf6 89. Kg6 Bg5+ 90. Kg7 Qh6+ 91. Kg8 Bf6 92.
Rh7 Qd2 93. Kf7 Kxf5 0-1

[Event "Lindores Abbey Tal Blitz 2021"]
[Site "Riga"]
[Date "2021.11.08"]
[Round "11.11"]
[White "Niemann, Hans Moke"]
[Black "Adly, Ahmed"]
[Result "0-1"]
[WhiteElo "2635"]
[BlackElo "2602"]
[Annotator "ChessBase"]
[PlyCount "94"]
[EventDate "2021.11.02"]
[EventType "swiss"]
[EventCountry "LAT"]
[SourceTitle "playchess.com"]
[Source "ChessBase"]
[SourceQuality "1"]

1. e4 c6 2. d4 d5 3. e5 Bf5 4. Nd2 e6 5. Nb3 Nd7 6. Nf3 h6 7. Be2 a5 8. a4 Ne7
9. O-O g5 10. Ne1 Bg7 11. f4 Ng6 12. Bd3 Bxd3 13. Nxd3 gxf4 14. Nxf4 Nxf4 15.
Bxf4 Qb6 16. Bg3 Bxe5 17. Bxe5 Nxe5 18. Qh5 Ng6 19. Rae1 Rg8 20. Qxh6 Qc7 21.
Qh7 Rh8 22. Qg7 Qxh2+ 23. Kf2 O-O-O 24. Qf6 Rh4 25. Ke2 Qxg2+ 26. Rf2 Re4+ 27.
Kd2 Qg3 28. Nc5 Rxe1 29. Kxe1 Qe3+ 30. Kd1 Rh8 31. c3 Rh7 32. Kc2 b6 33. Nd3
Qe4 34. Rd2 Nh4 35. Qe7 Rh8 36. Rh2 Rh7 37. Qd6 Nf3 38. Qxc6+ Kd8 39. Qxb6+ Ke7
40. Qc7+ Ke8 41. Qc6+ Ke7 42. Qc5+ Ke8 43. Qb5+ Ke7 44. Rxh7 Qxh7 45. Kb3 Nd2+
46. Ka2 Qh1 47. Qc5+ Kf6 0-1